| 000 | 00810cam a22002533a 4500 | ||
|---|---|---|---|
| 001 | 28744 | ||
| 003 | PGUSA | ||
| 005 | 20140828083625.0 | ||
| 008 | 090510s2009||||xxu|||||s|||||000 p eng d | ||
| 040 |
_aPGUSA _beng |
||
| 042 | _adc | ||
| 050 | 4 | _aPR | |
| 100 | 1 |
_aSidgwick, Frank, _d1879-1939 |
|
| 245 | 1 | 0 |
_aBallads of Robin Hood and other Outlaws : _bPopular Ballads of the Olden Times - Fourth Series _h[electronic resource] / _cFrank Sidgwick |
| 260 |
_bProject Gutenberg, _c2009 |
||
| 506 | _aPublic domain in the USA. | ||
| 516 | _aElectronic text | ||
| 653 | _aOutlaws -- Poetry | ||
| 653 | _aBallads, English -- England -- Texts | ||
| 653 | _aRobin Hood (Legendary character) -- Poetry | ||
| 830 | 0 |
_aProject Gutenberg _v28744 |
|
| 856 | 4 | 0 | _uhttp://www.gutenberg.org/ebooks/28744 |
| 942 | _cEB | ||
| 999 |
_c257999 _d257999 |
||